Stepford county railway ranks - Statistics

General Stats
  • This quiz has been taken 32 times
  • The average score is 11 of 20
Answer Stats
Hint Rank % Correct
Member Dispatcher
100%
Member Guard
100%
Member Trainee Driver
94%
Member Guest
89%
Member Qualified Driver
89%
Member Signaller
89%
Supervisor Supervisor
83%
Manager Guard Manager
44%
Manager Signaller Manager
44%
Manager Driver Manager
39%
Manager Engagement Manager
39%
Director Operations Director
39%
Manager Platform Manager
39%
Director Community Director
33%
Manager Chief Of Staff
28%
Manager Community Manager
28%
Developer Game Developer
28%
Developer Product Developer
28%
SCR Team Official SCRTeamOfficial
28%
Tester Alpha Test Account
22%
No matching quizzes found
Score Distribution
Percent of People with Each Score
Percentile by Number Answered
Your Score History
You have not taken this quiz